000 01128nam a22001337a 4500
999 _c533249
_d533249
008 260505b ||||| |||| 00| 0 eng d
100 _a Korada, Pavan and Sen, Raj Shekhar
_960371
245 _aWhat does intelligence excuse?: Chomsky, Epstein, and the ‘necessary illusions’ of the intellectual class
260 _aEconomic & Political Weekly
300 _a61(16), Apr 18, 2026: p.13-17
520 _aNoam Chomsky’s repeated ties to Jeffrey Epstein challenge his moral authority. Chomsky’s defence—which relies on legal formalism and a “clean slate”—contradicts his lifelong critique of systemic power. He fails to recognise the political nature of private predation due to a Cartesian rationalism that privileges abstract intellect over embodied suffering. The article proposes a “resource extraction” model for Chomsky’s legacy: retain his analytical tools but reject the intellectual bewitchment shielding the powerful from accountability. –Reproduced https://www.epw.in/journal/2026/16/commentary/what-does-intelligence-excuse.html
773 _aEconomic & Political Weekly
942 _cAR